000 00756nam a22001937a 4500
003 LK-CoMWRAF
005 20231213214809.0
008 231213b |||||||| |||| 00| 0 eng d
020 _a955907802X
040 _aLK-CoMWRAF
_dLK-CoMWRAF
_eLK-CoMWRAF
041 _asin
082 _a305.4
_bSTR
245 _aස්ත්‍රී අයිතීන් විමසුම වාර් ෂික වාර් තාව 1999
246 _aStri aitheen wimasuma warshika warthawa 1999
260 _aකොළඹ :
_bකාන්තාව සහ මාධ්‍ය සාමුහිකය,
_c1998
650 _aස්ත්‍රී අයිතිවාසිකම්
700 _aසැමුවෙල්, කුමුදිනී
_ecomp.
942 _cBK
999 _c4434
_d4434